<?xml version="1.0" encoding="UTF-8"?>
<marc:record xmlns:marc="http://www.loc.gov/MARC21/slim">
   <marc:leader>00000nam a2200000 a 4500</marc:leader>
   <marc:datafield ind1="1" ind2=" " tag="100">
      <marc:subfield code="a">Staudinger, Ursula M.</marc:subfield>
      <marc:subfield code="4">edt</marc:subfield>
      <marc:subfield code="e">Bearbeiter/-in</marc:subfield>
   </marc:datafield>
   <marc:datafield ind1=" " ind2=" " tag="653">
      <marc:subfield code="a">Alter</marc:subfield>
   </marc:datafield>
   <marc:datafield ind1=" " ind2=" " tag="653">
      <marc:subfield code="a">Bildungsarbeit</marc:subfield>
   </marc:datafield>
   <marc:datafield ind1=" " ind2=" " tag="653">
      <marc:subfield code="a">Lebenslanges Lernen</marc:subfield>
   </marc:datafield>
   <marc:datafield ind1=" " ind2=" " tag="653">
      <marc:subfield code="a">Softcover / Naturwissenschaften allgemein</marc:subfield>
   </marc:datafield>
   <marc:datafield ind1=" " ind2=" " tag="653">
      <marc:subfield code="a">Aufsatzsammlung</marc:subfield>
   </marc:datafield>
   <marc:datafield ind1="0" ind2="0" tag="245">
      <marc:subfield code="a">Altern, Bildung und lebenslanges Lernen</marc:subfield>
   </marc:datafield>
   <marc:datafield ind1="0" ind2="0" tag="245">
      <marc:subfield code="b">mit 9 Tabellen</marc:subfield>
   </marc:datafield>
   <marc:datafield ind1="0" ind2="0" tag="245">
      <marc:subfield code="c">Deutsche Akademie der Naturforscher Leopoldina, Halle (Saale) ... Hrsg. von: Ursula M. Staudinger und Heike Heidemeier</marc:subfield>
   </marc:datafield>
   <marc:datafield ind1=" " ind2="1" tag="264">
      <marc:subfield code="a">Stuttgart</marc:subfield>
      <marc:subfield code="b">Wiss. Verl.-Ges.</marc:subfield>
      <marc:subfield code="c">2009</marc:subfield>
   </marc:datafield>
   <marc:datafield ind1="1" ind2=" " tag="490">
      <marc:subfield code="a">Altern in Deutschland</marc:subfield>
      <marc:subfield code="v">Bd. 2</marc:subfield>
   </marc:datafield>
   <marc:datafield ind1="1" ind2=" " tag="520">
      <marc:subfield code="a">Angaben aus der Verlagsmeldung

Altern, Bildung und lebenslanges Lernen : Altern in Deutschland Band 2

Was hat es auf sich mit dem lebenslangen Lernen, das man in den letzten Jahren so häufig in der öffentlichen Diskussion hört. Dazu muss man zunächst die körperlichen, geistigen und motivationalen Vorbedingungen des Lernens im Lebensverlauf kennenlernen. Vor diesem Hintergrund wird anschließend die große Bedeutung von Bildung und lebenslangem Lernen für die Produktivität und die Gesundheit im Erwachsenenalter und Alter besprochen.&lt;br&gt;&lt;br&gt; Der Band beschreibt den Zustand der deutschen Weiterbildungslandschaft und betrachtet die gesellschaftlichen, finanziellen und rechtlichen Rahmenbedingungen im Vergleich mit anderen Ländern. Die Ziele lebenslangen Lernens werden reflektiert und die Frage nach den messbaren Ergebnissen von Lernen und Bildung gestellt. Eine Diskussion von Kompetenzbegriff und Kompetenzmodellen macht die Herausforderungen dieser Debatte sichtbar.
</marc:subfield>
   </marc:datafield>
   <marc:datafield ind1=" " ind2=" " tag="020">
      <marc:subfield code="a">9783804725430</marc:subfield>
      <marc:subfield code="9">9783804725430</marc:subfield>
   </marc:datafield>
   <marc:datafield ind1=" " ind2=" " tag="041">
      <marc:subfield code="a">ger</marc:subfield>
   </marc:datafield>
   <marc:datafield ind1=" " ind2=" " tag="300">
      <marc:subfield code="a">279 S.</marc:subfield>
   </marc:datafield>
</marc:record>
